Normal view
MARC view
Entry Término temático
001 - NÚMERO DE CONTROL
- campo de control: 13100
003 - IDENTIFICADOR DEL NÚMERO DE CONTROL
- campo de control: FranzMayer
005 - FECHA Y HORA DE LA ÚLTIMA TRANSACCIÓN
- campo de control: 20190320204942.0
008 - DATOS DE LONGITUD FIJA
- campo de control de longitud fija: 190320|| aca||aabn | a|a d
040 ## - FUENTE DE LA CATALOGACIÓN
- Centro catalogador/agencia de origen: FranzMayer
- Centro/agencia transcriptor: FranzMayer
150 ## - ENCABEZAMIENTO--TÉRMINO DE MATERIA
- Término de materia o nombre geográfico como elemento de entrada: Relaciones internacionales
- Subdivisión de forma: Manuscrito
- Subdivisión general: Historia
- Subdivisión cronológica: Federalismo y centralismo, 1824-1853
- Subdivisión geográfica: México
670 ## - FUENTE DE DATOS ENCONTRADOS
- Cita de la fuente: Work cat.: (FranzMayer): Valdivielso, Ignacio 1805-1861 13099, Documento firmado por Ignacio Valdivielso, 1846